| 000 | 00682nam a2200229 a 4500 | ||
|---|---|---|---|
| 001 | 21694 | ||
| 003 | BD-RjUL | ||
| 005 | 20211209000722.0 | ||
| 008 | 140305s1962 enk 001 0 eng u | ||
| 035 | _a(BD-RjUL)21759 | ||
| 040 |
_aORL _dOCL _dBD-RjUL _beng _cBD-RjUL |
||
| 041 | _aeng | ||
| 082 |
_a850.9 _bWHS |
||
| 100 | 1 |
_aWhitfield, John Humphreys. _966996 |
|
| 245 | 1 | 2 |
_aA short history of Italian literature / _cJ.H. Whitfield |
| 260 |
_aLondon : _bCassell, _c 1962. |
||
| 300 |
_a299 p. ; _c22cm. |
||
| 504 | _aIncludes Bibliography and index. | ||
| 650 | 0 |
_aItalian literature _xHistory and criticism _966997 |
|
| 830 | 0 |
_aBelle sauvage library _967006 |
|
| 942 |
_2ddc _cBK |
||
| 999 |
_c21694 _d21694 |
||